| 000 | 01993cam a22005414i 4500 | ||
|---|---|---|---|
| 003 | PE-LiUPU | ||
| 005 | 20250731172921.0 | ||
| 008 | s1991 miu rb 0 d eng 0 | ||
| 020 | _a0310447313 | ||
| 035 | _a(Sirsi) i9780310447313 | ||
| 035 | _a(Sirsi) 20849 | ||
| 035 | _a(Sirsi) 20849 | ||
| 040 |
_aPE-LiUPU _bspa _cPE-LiUPU _erda |
||
| 049 | _aPRUA | ||
| 082 | 0 | 4 |
_a230 _bD28 |
| 245 | 1 | 0 |
_aDoing theology in todays worl : _bessays in honor of Kenneth S. Kantzer / _cJohn D. Woodbridge, Tom Edward McComiskey, los editores. |
| 264 | 1 |
_aGrand Rapids, Michigan : _bZondervan publishing house, _c1991. |
|
| 300 |
_a511 páginas ; _c22 centímetros |
||
| 336 |
_atext _2rdacontent |
||
| 337 |
_aunmediated _2rdamedia |
||
| 338 |
_avolume _2rdacarrier |
||
| 504 | _aIncluye bibliografía | ||
| 505 | 0 | _aDoing theology today: The helping disciplines -- Doing theology today: Contemporary evangelical protestant perspectives -- Doing theology today: Other significant approaches -- Doing theology today: The approach of Kenneth S. Kantzer | |
| 526 | _aSEG42 | ||
| 526 | _aSEG41 | ||
| 526 | _aSEG40 | ||
| 526 | _aSEG39 | ||
| 526 | _aP94 | ||
| 526 | _aP87 | ||
| 526 | _aP86 | ||
| 526 | _aP85 | ||
| 526 | _aP77 | ||
| 526 | _aP76 | ||
| 526 | _aP35 | ||
| 650 | 1 | 4 |
_aTeología _xMetodología |
| 650 | 1 | 4 |
_aTeología doctrinal _xHistoria _ySiglo XX |
| 650 | 1 | 4 | _aEvangelicalismo |
| 700 | 1 | _aKantzer, Kenneth S. | |
| 700 | 1 |
_aWoodbridge, John D. _eeditor. |
|
| 700 | 1 |
_aMcComiskey, Thomas Edward _eeditor. |
|
| 942 |
_2ddc _cBOOK |
||
| 949 |
_a230 D28 _i43751 _lCCODEBUL1 _mBUL _tLIBRO _o.STAFF. Colección general |
||
| 859 |
_q43751 _h230 _iD28 |
||
| 910 | _aaj-hd | ||
| 596 | _a1 | ||
| 999 |
_a230 D28 _wDEWEY _c20152 _i43751 _d20152 _e2017-2-15 _f2021-11-9 _g4 _lCCODEBUL1 _mBUL _n15 _p20.00 _r0 _sY _tBOOK _u2015-6-24 _xTEOLOGIA _PP35 _0COMPRA _o.STAFF. Colección Teología |
||
| 980 |
_81 _gALBERTO SANCHEZ Responsable de Automatización |
||